Đất Bưởi ngàn xưa

Tìm hiểu văn hoá dân gian vùng đất Bưởi (phường Bưởi), quận Tây Hồ, Hà Nội thông qua các giá trị văn hoá truyền thống trên địa bàn vùng Bưởi như các di tích văn hoá lịch sử, lễ hội, phong tục tín ngưỡng dân gian, các nghề thủ công truyền thống và văn học dân gian...

Description complète

Enregistré dans:
Détails bibliographiques
Auteur principal: Lê Văn Kỳ
Autres auteurs: Vũ Văn Luân
Format: Livre
Langue:Vietnamese
Publié: H. Văn hoá Thông tin 2011
Sujets:
Tags: Ajouter un tag
Pas de tags, Soyez le premier à ajouter un tag!
Thư viện lưu trữ: Mạng thư viện Đại học Đà Nẵng
LEADER 01889aam a22004458a 4500
001 000015844
003 12228
005 20120605150651.0
008 120605s2011 viesd
020 |a 9786045000465  |d 2000b 
041 0 |a vie 
082 1 4 |2 14  |a 390.0959731  |b LÊ-K 
100 1 |a Lê Văn Kỳ 
245 1 0 |a Đất Bưởi ngàn xưa  |c Lê Văn Kỳ (ch.b.), Vũ Văn Luân 
260 |a H.  |b Văn hoá Thông tin  |c 2011 
300 |a 279tr.  |b bản đồ  |c 21cm 
500 |a ĐTTS ghi: Hội Văn nghệ dân gian Việt Nam 
504 |a Thư mục: tr. 277 
520 |a Tìm hiểu văn hoá dân gian vùng đất Bưởi (phường Bưởi), quận Tây Hồ, Hà Nội thông qua các giá trị văn hoá truyền thống trên địa bàn vùng Bưởi như các di tích văn hoá lịch sử, lễ hội, phong tục tín ngưỡng dân gian, các nghề thủ công truyền thống và văn học dân gian 
650 7 |2 Bộ TK TVQG  |a Văn học dân gian 
650 7 |2 Bộ TK TVQG  |a Di tích văn hoá 
650 7 |2 Bộ TK TVQG  |a Phong tục 
650 7 |2 Bộ TK TVQG  |a Nghề thủ công truyền thống 
650 7 |2 Bộ TK TVQG  |a Tín ngưỡng dân gian 
650 7 |2 Bộ TK TVQG  |a Lễ hội 
650 7 |2 Bộ TK TVQG  |a Văn hoá dân gian 
651 7 |2 Bộ TK TVQG  |a Hà Nội 
651 4 |a Bưởi 
651 7 |2 Bộ TK TVQG  |a Tây Hồ 
700 1 |a Vũ Văn Luân 
OWN |a LSP 
AVA |a UDN50  |b LSP  |d 390.0959731 LÊ-K  |e available  |t Error 5001 Not defined in file expand_doc_bib_avail.  |f 1  |g 0  |h N  |i 0  |k 1 
999 |a From the UDN01 
AVA |a UDN50  |b LSP  |d 390.0959731 LÊ-K  |e available  |t Error 5001 Not defined in file expand_doc_bib_avail.  |f 1  |g 0  |h N  |i 0  |k 1 
TYP |a Monograph 
TYP |a Printed language 
980 |a Mạng thư viện Đại học Đà Nẵng